00467 a2200157 4500010001400000020002300014035001300037037001500050082000800065100001700073245005800090260003200148270006400180300002400244500004100268 aENG-89614 a8187416645c375.00 aEN-73147 bDBAD / PUB14a9211 aMaurya, O.P.1 aCh. Prem Singh:cby O.P. Mauryaba man of the masses/ aDelhibAlok Prakashanc2006 a1/6588, East Rohtas Nagar,bDelhie110 032cDelhik22328142 a176p.c22 cm (Hb ) aIncludes bibliographical references